000 00604nam a22001937a 4500
001 45708
003 BD-RjUL
005 20211209054045.0
008 160727s1965 enk||||| |||| 00| 0 eng d
035 _a(BD-RjUL)45826
040 _aBD-RjUL
_beng
_cBD-RjUL
041 _aeng
082 _223
_a341
_bBRI 1965
245 _aThe british year book of international law 1963 :
_bthirty-ninth year of issue /
_cRoyal institute of international affairs
260 _aLondon :
_bOxford University press,
_c1965
300 _a557 p. ;
_c21 cm.
650 _aInternational law
_9139846
942 _2ddc
_cBK
999 _c45708
_d45708